[Event "14. Torneo Almansa 2019"]
[Site "Almansa ESP"]
[Date "2019.08.09"]
[Round "5.1"]
[White "Moreno Royano, Victor"]
[Black "Garcia Dorado, Alberto"]
[Result "1/2-1/2"]
[WhiteElo "2151"]
[BlackElo "2205"]
[PlyCount "30"]
[EventDate "2019.08.07"]
[EventType "swiss"]
[EventRounds "7"]
[EventCountry "ESP"]
[SourceTitle "Ajedrez en Madrid"]
[Source "lmi"]
[SourceDate "2019.08.07"]
[SourceVersion "1"]
[SourceVersionDate "2019.08.11"]
[SourceQuality "1"]

1. Nf3 Nf6 2. c4 b6 3. d4 Bb7 4. Nc3 g6 5. g3 Bg7 6. Bg2 O-O 7. O-O Ne4 8. Nxe4
Bxe4 9. Re1 d5 10. cxd5 Qxd5 11. e3 Rd8 12. Bd2 c5 13. Bc3 Nc6 14. Qe2 b5 15.
Rad1 b4 1/2-1/2

[Event "14. Torneo Almansa 2019"]
[Site "Almansa ESP"]
[Date "2019.08.09"]
[Round "5.2"]
[White "Villar Reymundo, Juan Antonio"]
[Black "Gonzalez Laso, Adrian"]
[Result "0-1"]
[WhiteElo "2244"]
[BlackElo "2194"]
[PlyCount "54"]
[EventDate "2019.08.07"]
[EventType "swiss"]
[EventRounds "7"]
[EventCountry "ESP"]
[SourceTitle "Ajedrez en Madrid"]
[Source "lmi"]
[SourceDate "2019.08.07"]
[SourceVersion "1"]
[SourceVersionDate "2019.08.11"]
[SourceQuality "1"]

1. d4 Nf6 2. c4 c5 3. d5 b5 4. cxb5 a6 5. bxa6 g6 6. Nc3 Bxa6 7. e4 Bxf1 8.
Kxf1 d6 9. Nf3 Bg7 10. g3 O-O 11. Kg2 Qb6 12. Qe2 Na6 13. a4 Nc7 14. Bd2 e6 15.
dxe6 fxe6 16. e5 dxe5 17. Nxe5 Nfd5 18. Nxd5 Nxd5 19. Nc4 Qa6 20. Rhe1 Bd4 21.
f3 Rae8 22. Rad1 e5 23. Qd3 e4 24. Rxe4 Rxe4 25. fxe4 Rf2+ 26. Kh1 Qe6 27. g4
Qxg4 0-1

[Event "14. Torneo Almansa 2019"]
[Site "Almansa ESP"]
[Date "2019.08.09"]
[Round "5.3"]
[White "Khennous, Fares"]
[Black "Alvarez Serrano, Carlos"]
[Result "1/2-1/2"]
[WhiteElo "2023"]
[BlackElo "2244"]
[PlyCount "46"]
[EventDate "2019.08.07"]
[EventType "swiss"]
[EventRounds "7"]
[EventCountry "ESP"]
[SourceTitle "Ajedrez en Madrid"]
[Source "lmi"]
[SourceDate "2019.08.07"]
[SourceVersion "1"]
[SourceVersionDate "2019.08.11"]
[SourceQuality "1"]

1. e4 c5 2. Nc3 d6 3. Bb5+ Nc6 4. Bxc6+ bxc6 5. f4 d5 6. d3 Nf6 7. e5 Ng8 8.
Nf3 h5 9. O-O Nh6 10. Na4 e6 11. c4 Nf5 12. b3 a5 13. Kh1 Qc7 14. Rb1 h4 15.
Rb2 Be7 16. Rc2 d4 17. Ng1 Bd7 18. Nh3 Kf8 19. Re2 g6 20. Kg1 Kg7 21. Nf2 Rh5
22. Ne4 Rah8 23. Rf3 Bc8 1/2-1/2

[Event "14. Torneo Almansa 2019"]
[Site "Almansa ESP"]
[Date "2019.08.09"]
[Round "5.4"]
[White "Garcia Molina, Francisco Miguel"]
[Black "Sanchez Jerez, Emilio Miguel"]
[Result "1/2-1/2"]
[WhiteElo "2217"]
[BlackElo "2141"]
[PlyCount "67"]
[EventDate "2019.08.07"]
[EventType "swiss"]
[EventRounds "7"]
[EventCountry "ESP"]
[SourceTitle "Ajedrez en Madrid"]
[Source "lmi"]
[SourceDate "2019.08.07"]
[SourceVersion "1"]
[SourceVersionDate "2019.08.11"]
[SourceQuality "1"]

1. e4 e6 2. d4 d5 3. Nd2 c5 4. exd5 Qxd5 5. Ngf3 cxd4 6. Bc4 Qd6 7. O-O Nc6 8.
Nb3 Nf6 9. Nbxd4 Nxd4 10. Nxd4 a6 11. Bb3 Qc7 12. Re1 Bd6 13. Nf5 Bxh2+ 14. Kh1
O-O 15. Nxg7 Rd8 16. Qf3 Kxg7 17. Bh6+ Kg6 18. c3 e5 19. Bc2+ e4 20. g3 Qe5 21.
Bf4 Qh5 22. Bxe4+ Nxe4 23. Qxh5+ Kxh5 24. Rxe4 Bxg3 25. fxg3 Be6 26. Re5+ Kg6
27. Kg2 Rd5 28. Rxd5 Bxd5+ 29. Kf2 Re8 30. b3 Re7 31. Rd1 Rd7 32. c4 Be6 33.
Rxd7 Bxd7 34. Ke3 1/2-1/2

[Event "14. Torneo Almansa 2019"]
[Site "Almansa ESP"]
[Date "2019.08.09"]
[Round "5.5"]
[White "Gil Quilez, David"]
[Black "Perez Gonzalez, Daniel"]
[Result "1/2-1/2"]
[WhiteElo "2206"]
[BlackElo "2016"]
[PlyCount "51"]
[EventDate "2019.08.07"]
[EventType "swiss"]
[EventRounds "7"]
[EventCountry "ESP"]
[SourceTitle "Ajedrez en Madrid"]
[Source "lmi"]
[SourceDate "2019.08.07"]
[SourceVersion "1"]
[SourceVersionDate "2019.08.11"]
[SourceQuality "1"]

1. e4 c5 2. Nf3 d6 3. d4 cxd4 4. Nxd4 Nf6 5. Nc3 a6 6. Be3 e5 7. Nb3 Be6 8. f3
Be7 9. Qd2 O-O 10. O-O-O Nbd7 11. g4 b5 12. g5 b4 13. Ne2 Ne8 14. f4 a5 15. Kb1
Nb6 16. Ng3 exf4 17. Bxf4 Bg4 18. Be2 Bxe2 19. Nxe2 Nc4 20. Qd3 Ne5 21. Bxe5
dxe5 22. Qb5 Qb8 23. Qxb8 Rxb8 24. Rd5 a4 25. Na5 Bxg5 26. Rxe5 1/2-1/2

[Event "14. Torneo Almansa 2019"]
[Site "Almansa ESP"]
[Date "2019.08.09"]
[Round "6.1"]
[White "Garcia Dorado, Alberto"]
[Black "Donado-Mazarron Gomez, Miguel"]
[Result "0-1"]
[WhiteElo "2205"]
[BlackElo "2078"]
[PlyCount "84"]
[EventDate "2019.08.07"]
[EventType "swiss"]
[EventRounds "7"]
[EventCountry "ESP"]
[SourceTitle "Ajedrez en Madrid"]
[Source "lmi"]
[SourceDate "2019.08.07"]
[SourceVersion "1"]
[SourceVersionDate "2019.08.11"]
[SourceQuality "1"]

1. Nf3 Nf6 2. d4 g6 3. c4 Bg7 4. g3 b6 5. Nc3 Bb7 6. d5 O-O 7. Bg2 d6 8. O-O e5
9. e4 h6 10. Ne1 Nbd7 11. Nd3 Ne8 12. Be3 a5 13. Qd2 Kh7 14. f4 exf4 15. gxf4
f5 16. Rae1 Nef6 17. Nf2 fxe4 18. Ncxe4 Nxe4 19. Nxe4 Qh4 20. Bd4 Bxd4+ 21.
Qxd4 Rae8 22. Qe3 Bc8 23. Qg3 Qxg3 24. hxg3 Kg7 25. Nc3 Ba6 26. b3 Nc5 27. Be4
Nxe4 28. Rxe4 Rxe4 29. Nxe4 Re8 30. Re1 b5 31. cxb5 Bxb5 32. Kf2 Bd3 33. Nc3
Rxe1 34. Kxe1 g5 35. fxg5 hxg5 36. Kd2 Bf1 37. Ne4 Kg6 38. g4 Bh3 39. Nc3 Bxg4
40. Nb5 Kf5 41. Nxc7 Ke5 42. a3 Bf3 0-1

[Event "14. Torneo Almansa 2019"]
[Site "Almansa ESP"]
[Date "2019.08.09"]
[Round "6.2"]
[White "Gonzalez Laso, Adrian"]
[Black "Moreno Royano, Victor"]
[Result "1/2-1/2"]
[WhiteElo "2194"]
[BlackElo "2151"]
[PlyCount "44"]
[EventDate "2019.08.07"]
[EventType "swiss"]
[EventRounds "7"]
[EventCountry "ESP"]
[SourceTitle "Ajedrez en Madrid"]
[Source "lmi"]
[SourceDate "2019.08.07"]
[SourceVersion "1"]
[SourceVersionDate "2019.08.11"]
[SourceQuality "1"]

1. e4 c6 2. d4 d5 3. Nc3 dxe4 4. Nxe4 Bf5 5. Ng3 Bg6 6. h4 h6 7. Nf3 Nd7 8. h5
Bh7 9. Bd3 Bxd3 10. Qxd3 e6 11. Bf4 Qa5+ 12. Bd2 Qd8 13. Bf4 Qa5+ 14. Bd2 Qc7
15. O-O-O Ngf6 16. Ne4 O-O-O 17. g3 Nxe4 18. Qxe4 Bd6 19. Kb1 Kb8 20. c4 c5 21.
Bc3 cxd4 22. Rxd4 Nc5 1/2-1/2

[Event "14. Torneo Almansa 2019"]
[Site "Almansa ESP"]
[Date "2019.08.09"]
[Round "6.3"]
[White "Alvarez Serrano, Carlos"]
[Black "Gil Quilez, David"]
[Result "1/2-1/2"]
[WhiteElo "2244"]
[BlackElo "2206"]
[PlyCount "241"]
[EventDate "2019.08.07"]
[EventType "swiss"]
[EventRounds "7"]
[EventCountry "ESP"]
[SourceTitle "Ajedrez en Madrid"]
[Source "lmi"]
[SourceDate "2019.08.07"]
[SourceVersion "1"]
[SourceVersionDate "2019.08.11"]
[SourceQuality "1"]

1. d4 f5 2. Nf3 Nf6 3. g3 g6 4. Bg2 Bg7 5. O-O O-O 6. Nc3 d5 7. Bf4 c6 8. Qc1
Nbd7 9. Bh6 Ne4 10. Bxg7 Kxg7 11. Nd1 b6 12. c4 Ba6 13. b3 Ndf6 14. Qa3 Bb7 15.
Rc1 Qd6 16. Qb2 b5 17. Ne3 Nd7 18. Ne5 e6 19. f3 Nef6 20. Nd1 Rab8 21. cxb5
cxb5 22. Nf2 Rbc8 23. Nfd3 Nxe5 24. Nxe5 Nd7 25. Nxd7 Qxd7 26. Rc5 Rc7 27. b4
Rfc8 28. Rd1 Kf7 29. f4 a6 30. Bf3 Qe7 31. Ra1 Rxc5 32. bxc5 Bc6 33. e3 a5 34.
Be2 Rb8 35. a3 Qd7 36. Rb1 Qb7 37. Qd2 Qc7 38. Kf2 h5 39. h3 Qd8 40. Qe1 Kg7
41. Kg2 Qc7 42. g4 hxg4 43. hxg4 Qd8 44. Qd2 Qc7 45. Bd3 Bd7 46. Kg3 Bc6 47. g5
Qa7 48. Qe2 Qd7 49. Qe1 Qc7 50. Qc3 Qa7 51. e4 Qc7 52. exf5 exf5 53. Re1 Re8
54. Re5 Kf7 55. Rxe8 Kxe8 56. Qd2 Kf8 57. Qe2 Qe7 58. Qd2 b4 59. axb4 axb4 60.
Kf3 Qh7 61. Kg3 Qe7 62. Qe2 Qxe2 63. Bxe2 b3 64. Bd3 Ke7 65. Kf2 b2 66. Ke1 Bb5
67. Bb1 Kd7 68. Kd2 Kc7 69. Kc3 Kb7 70. Kxb2 Ka6 71. Kc3 Ka5 72. Kd2 Bd7 73.
Kc3 Be8 74. Ba2 Bc6 75. Kb3 Bb7 76. Ka3 Ba8 77. Bb3 Bc6 78. Bd1 Bd7 79. Bb3 Bc6
80. Ba2 Bb7 81. Bb1 Bc6 82. Kb3 Bd7 83. Bc2 Be8 84. Kc3 Bd7 85. Bd1 Be8 86. Bf3
Bc6 87. Kd2 Kb5 88. Ke3 Ka5 89. Be2 Bd7 90. Bd3 Be8 91. Kf2 Bd7 92. Kf3 Be8 93.
Kg3 Bd7 94. Bb1 Kb5 95. Bd3+ Ka5 96. Kh4 Bc8 97. Kg3 Bd7 98. Kf2 Be8 99. Kf3
Bd7 100. Kg3 Be8 101. Bxf5 gxf5 102. g6 Bxg6 103. Kh4 Be8 104. Kg5 Bd7 105. Kf6
Kb5 106. Ke7 Kc6 107. Kd8 Be6 108. Ke7 Bc8 109. Kd8 Ba6 110. Ke7 Bd3 111. Ke6
Bc2 112. Ke5 Kd7 113. Kxd5 Be4+ 114. Ke5 Kc6 115. Ke6 Bd3 116. d5+ Kxc5 117. d6
Bb5 118. Kxf5 Kxd6 119. Kg5 Bd3 120. f5 Bxf5 121. Kxf5 1/2-1/2

[Event "14. Torneo Almansa 2019"]
[Site "Almansa ESP"]
[Date "2019.08.09"]
[Round "6.4"]
[White "Khennous, Fares"]
[Black "Garcia Molina, Francisco Miguel"]
[Result "1/2-1/2"]
[WhiteElo "2023"]
[BlackElo "2217"]
[PlyCount "89"]
[EventDate "2019.08.07"]
[EventType "swiss"]
[EventRounds "7"]
[EventCountry "ESP"]
[SourceTitle "Ajedrez en Madrid"]
[Source "lmi"]
[SourceDate "2019.08.07"]
[SourceVersion "1"]
[SourceVersionDate "2019.08.11"]
[SourceQuality "1"]

1. e4 c5 2. Nc3 Nc6 3. Bb5 Nd4 4. Bc4 e6 5. Nf3 Nf6 6. e5 d5 7. exd6 Bxd6 8. d3
a6 9. a4 O-O 10. Bg5 h6 11. Bh4 Nf5 12. Bg3 b6 13. Bxd6 Qxd6 14. Ne4 Qe7 15.
O-O Bb7 16. Ng3 Nxg3 17. hxg3 Rfd8 18. Re1 Bd5 19. Bxd5 Rxd5 20. Ne5 Qc7 21.
Qe2 Re8 22. b3 Nd7 23. Nf3 Nb8 24. Qe4 Rdd8 25. Qe5 Qc8 26. Qf4 Nc6 27. Ne5
Nxe5 28. Rxe5 a5 29. Rae1 Rd4 30. R5e4 Red8 31. Qf3 Rxe4 32. Rxe4 Qd7 33. g4
Qd5 34. Qe3 Qg5 35. Qe2 Rd4 36. Rxd4 cxd4 37. g3 Qd5 38. Qe4 Qc5 39. Qe2 Kf8
40. Kf1 Qc6 41. Ke1 Qc3+ 42. Kd1 Qa1+ 43. Kd2 Qc3+ 44. Kd1 Qa1+ 45. Kd2 1/2-1/2

[Event "14. Torneo Almansa 2019"]
[Site "Almansa ESP"]
[Date "2019.08.09"]
[Round "6.5"]
[White "Perez Gonzalez, Daniel"]
[Black "Sanchez Jerez, Emilio Miguel"]
[Result "1-0"]
[WhiteElo "2016"]
[BlackElo "2141"]
[PlyCount "78"]
[EventDate "2019.08.07"]
[EventType "swiss"]
[EventRounds "7"]
[EventCountry "ESP"]
[SourceTitle "Ajedrez en Madrid"]
[Source "lmi"]
[SourceDate "2019.08.07"]
[SourceVersion "1"]
[SourceVersionDate "2019.08.11"]
[SourceQuality "1"]

1. d4 e6 2. e4 d5 3. Nc3 Nf6 4. Bg5 dxe4 5. Nxe4 Be7 6. Bxf6 gxf6 7. Nf3 a6 8.
g3 f5 9. Nc3 b5 10. Bg2 Bb7 11. O-O c5 12. d5 b4 13. dxe6 bxc3 14. exf7+ Kf8
15. Qc1 Qd6 16. Rd1 Qf6 17. bxc3 Be4 18. Nh4 Bxg2 19. Nxg2 Kxf7 20. Qf4 Rf8 21.
Rd5 Kg8 22. Qf3 Nc6 23. Nh4 f4 24. Rf5 Qh6 25. Rh5 Qe6 26. Nf5 fxg3 27. Qg4+
Qg6 28. Nxe7+ Nxe7 29. Rg5 gxf2+ 30. Kf1 Kg7 31. Rd1 Rf7 32. Rd6 Raf8 33. h4
Kh8 34. Rgxg6 hxg6 35. Qg5 Rb8 36. Qe5+ Kh7 37. Rd1 Rbf8 38. h5 c4 39. Rd6 g5
1-0

[Event "14. Torneo Almansa 2019"]
[Site "Almansa ESP"]
[Date "2019.08.10"]
[Round "7.1"]
[White "Donado-Mazarron Gomez, Miguel"]
[Black "Gonzalez Laso, Adrian"]
[Result "0-1"]
[WhiteElo "2078"]
[BlackElo "2194"]
[PlyCount "80"]
[EventDate "2019.08.07"]
[EventType "swiss"]
[EventRounds "7"]
[EventCountry "ESP"]
[SourceTitle "Ajedrez en Madrid"]
[Source "lmi"]
[SourceDate "2019.08.07"]
[SourceVersion "1"]
[SourceVersionDate "2019.08.11"]
[SourceQuality "1"]

1. d4 Nf6 2. c4 c5 3. d5 e6 4. Nc3 exd5 5. cxd5 d6 6. e4 g6 7. f4 Bg7 8. Bb5+
Nfd7 9. Bd3 O-O 10. Nf3 Nb6 11. h3 Na6 12. O-O Re8 13. Re1 Bd7 14. f5 c4 15.
Bb1 Nc5 16. Bf4 Nba4 17. fxg6 hxg6 18. Nxa4 Bxa4 19. Qd2 Qb6 20. Kh2 Qxb2 21.
Qe3 Qxa1 22. Bxd6 Nd7 23. e5 Nxe5 24. Nxe5 Bxe5+ 25. Bxe5 Rxe5 26. Qxe5 Qxe5+
27. Rxe5 c3 28. Re2 Bd1 29. Rf2 Rd8 30. Be4 f5 31. Bc2 Rxd5 32. Bxd1 Rxd1 33.
Rc2 Rd3 34. a4 Kf7 35. Kg1 Ke6 36. Kf2 Rd2+ 37. Rxd2 cxd2 38. Ke2 Kd5 39. Kxd2
Kd4 40. h4 b6 0-1

[Event "14. Torneo Almansa 2019"]
[Site "Almansa ESP"]
[Date "2019.08.10"]
[Round "7.2"]
[White "Moreno Royano, Victor"]
[Black "Perez Gonzalez, Daniel"]
[Result "0-1"]
[WhiteElo "2151"]
[BlackElo "2016"]
[PlyCount "110"]
[EventDate "2019.08.07"]
[EventType "swiss"]
[EventRounds "7"]
[EventCountry "ESP"]
[SourceTitle "Ajedrez en Madrid"]
[Source "lmi"]
[SourceDate "2019.08.07"]
[SourceVersion "1"]
[SourceVersionDate "2019.08.11"]
[SourceQuality "1"]

1. d4 Nf6 2. c4 g6 3. f3 Nh5 4. e4 e5 5. Be3 Bg7 6. d5 d6 7. Qd2 O-O 8. Nc3 a6
9. O-O-O Bd7 10. Kb1 f5 11. Bd3 f4 12. Bf2 c5 13. dxc6 bxc6 14. Bf1 Rf6 15. Bh4
Bf8 16. c5 dxc5 17. Bc4+ Kg7 18. Bxf6+ Nxf6 19. Nge2 Qe7 20. g3 Bh3 21. gxf4
Bg2 22. Rhg1 Bxf3 23. Ng3 Kh8 24. Rdf1 Bh5 25. fxe5 Ng4 26. Nxh5 Nxe5 27. Qe2
Nbd7 28. Ng3 Bg7 29. Rd1 Rb8 30. Nf1 Rb4 31. Ne3 Nxc4 32. Nxc4 Bxc3 33. Rg3 Bg7
34. Rb3 Rxb3 35. axb3 Bd4 36. e5 Qe6 37. Qe4 Nf8 38. Rf1 Kg7 39. Rf6 Qh3 40.
Qxc6 Qxb3 41. Qxa6 Nd7 42. Rd6 Nxe5 43. Rxd4 cxd4 44. Nxe5 Qd5 45. Nd3 Kh6 46.
Qf6 Qh1+ 47. Ka2 Qd5+ 48. Kb1 Qh1+ 49. Kc2 Qxh2+ 50. Qf2 Qc7+ 51. Kd1 Qc4 52.
Qd2+ Kg7 53. b4 h5 54. Qc2 Qd5 55. Qc5 Qf3+ 0-1

[Event "14. Torneo Almansa 2019"]
[Site "Almansa ESP"]
[Date "2019.08.10"]
[Round "7.3"]
[White "Hernandez Torralba, Jose Joaquin"]
[Black "Alvarez Serrano, Carlos"]
[Result "0-1"]
[WhiteElo "2061"]
[BlackElo "2244"]
[PlyCount "112"]
[EventDate "2019.08.07"]
[EventType "swiss"]
[EventRounds "7"]
[EventCountry "ESP"]
[SourceTitle "Ajedrez en Madrid"]
[Source "lmi"]
[SourceDate "2019.08.07"]
[SourceVersion "1"]
[SourceVersionDate "2019.08.11"]
[SourceQuality "1"]

1. e4 c5 2. Nf3 d6 3. d4 cxd4 4. Nxd4 Nf6 5. Nc3 a6 6. Bc4 e6 7. Bb3 Nbd7 8. f4
Nc5 9. f5 Be7 10. fxe6 fxe6 11. O-O O-O 12. Nf5 Nxb3 13. Nxe7+ Qxe7 14. axb3
Bd7 15. Bf4 e5 16. Bg5 Bc6 17. Qd3 Qe6 18. Rad1 Rad8 19. Rf3 Rd7 20. Rdf1 Rdf7
21. Bxf6 Rxf6 22. Rxf6 Rxf6 23. Rxf6 Qxf6 24. Nd5 Qf7 25. Nb4 Qc7 26. Qc4+ Kh8
27. Qf1 Kg8 28. Nxc6 Qb6+ 29. Kh1 Qxc6 30. Qf5 h6 31. c4 b5 32. h3 bxc4 33.
Qe6+ Kh8 34. Qxc4 Qxc4 35. bxc4 a5 36. Kg1 Kg8 37. Kf2 Kf7 38. Ke3 Ke6 39. Kd3
Kd7 40. c5 dxc5 41. Kc4 Kc6 42. b3 Kb6 43. Kd5 Kb5 44. Kxe5 c4 45. bxc4+ Kc5
46. Ke6 a4 47. Kd7 a3 48. e5 a2 49. e6 a1=Q 50. e7 Qd4+ 51. Kc8 Qe5 52. Kd8
Qd6+ 53. Ke8 Kxc4 54. Kf7 Qf6+ 55. Ke8 Kd5 56. Kd8 Kd6 0-1

[Event "14. Torneo Almansa 2019"]
[Site "Almansa ESP"]
[Date "2019.08.10"]
[Round "7.5"]
[White "Vilanova Corbi, Jorge"]
[Black "Peña Morales, Hugo"]
[Result "0-1"]
[WhiteElo "2177"]
[BlackElo "2211"]
[PlyCount "80"]
[EventDate "2019.08.07"]
[EventType "swiss"]
[EventRounds "7"]
[EventCountry "ESP"]
[SourceTitle "Ajedrez en Madrid"]
[Source "lmi"]
[SourceDate "2019.08.07"]
[SourceVersion "1"]
[SourceVersionDate "2019.08.11"]
[SourceQuality "1"]

1. d4 Nf6 2. c4 e6 3. Nc3 c5 4. d5 exd5 5. cxd5 Bd6 6. e4 O-O 7. Bd3 Bc7 8. Nf3
d6 9. O-O a6 10. a4 Nbd7 11. h3 Re8 12. Bf4 Nf8 13. Bh2 Rb8 14. Nd2 Ng6 15. f4
Bd7 16. Nf3 b5 17. e5 b4 18. Bxg6 hxg6 19. Nb1 Nh7 20. Nbd2 b3 21. Nc4 Bf5 22.
exd6 Bxd6 23. Nfe5 Rb7 24. Qf3 Nf6 25. Rae1 Bf8 26. g4 Bd7 27. Nc6 Qc8 28. N4a5
Rb6 29. Ne5 c4 30. Naxc4 Rb4 31. Rc1 Qc5+ 32. Kg2 Qxd5 33. g5 Bf5 34. Qxd5 Nxd5
35. Rfd1 Rc8 36. Kg3 Be6 37. Nd2 Rxc1 38. Rxc1 Nxf4 39. Re1 Bd6 40. Ndf3 Nd3
0-1